AQA Business Studies (Record no. 183)

MARC details
000 -LEADER
fixed length control field 00780nam a22002417a 4500
005 - DATE AND TIME OF LATEST TRANSACTION
control field 20230209083850.0
008 - FIXED-LENGTH DATA ELEMENTS--GENERAL INFORMATION
fixed length control field 230209b |||||||| |||| 00| 0 eng d
020 ## - INTERNATIONAL STANDARD BOOK NUMBER
International Standard Book Number 9781408504352 (pbk)
040 ## - CATALOGING SOURCE
Transcribing agency KMU
Modifying agency KMU
050 ## - LIBRARY OF CONGRESS CALL NUMBER
Classification number HF 5351 Sti 2014
100 ## - MAIN ENTRY--PERSONAL NAME
Personal name Stimpson Peter
245 ## - TITLE STATEMENT
Title AQA Business Studies
Remainder of title /
Statement of responsibility, etc. Peter Stimpson,Rachel Sunner,Thomas Ramsbottonm,Andrew Hammond, Nigel Strake and Tim Chapman
260 ## - PUBLICATION, DISTRIBUTION, ETC.
Place of publication, distribution, etc. United Kingdom:
Name of publisher, distributor, etc. Oxford University Press,
Date of publication, distribution, etc. 2014
300 ## - PHYSICAL DESCRIPTION
Extent 171 pages.:
Other physical details ill.;
Dimensions 25cm
500 ## - GENERAL NOTE
General note Include practical Questions, glossary and index.
650 ## - SUBJECT ADDED ENTRY--TOPICAL TERM
Topical term or geographic name entry element Business.
700 ## - ADDED ENTRY--PERSONAL NAME
Personal name Summer Rachel,
700 ## - ADDED ENTRY--PERSONAL NAME
Personal name Ramsbottom Thomas,
700 ## - ADDED ENTRY--PERSONAL NAME
Personal name Hammond Andrew
700 ## - ADDED ENTRY--PERSONAL NAME
Personal name Straker Nigel
700 ## - ADDED ENTRY--PERSONAL NAME
Personal name Chapman Tim
Relator term Editor
942 ## - ADDED ENTRY ELEMENTS (KOHA)
Source of classification or shelving scheme Library of Congress Classification
Koha item type Non-Fiction
Suppress in OPAC No
Holdings
Withdrawn status Lost status Source of classification or shelving scheme Damaged status Not for loan Collection Home library Current library Shelving location Date acquired Source of acquisition Total Checkouts Full call number Barcode Date last seen Date last checked out Price effective from Koha item type
    Library of Congress Classification     Non-fiction Kapasa Makasa University Kapasa Makasa University Open Access 08.02.2023 Book Aid International 1 HF 5351 Stil 750673 30.05.2024 29.05.2024 09.02.2023 Non-Fiction
    Library of Congress Classification     Non-fiction Kapasa Makasa University Kapasa Makasa University Open Access 08.02.2023 Book Aid International   HF 5351 Stil 750675 09.02.2023   09.02.2023 Non-Fiction
    Library of Congress Classification     Non-fiction Kapasa Makasa University Kapasa Makasa University Open Access 08.02.2023 Book Aid International   HF 5351 Stil 750676 09.02.2023   09.02.2023 Non-Fiction
    Library of Congress Classification     Non-fiction Kapasa Makasa University Kapasa Makasa University Open Access 08.02.2023 Book Aid International   HF 5351 Stil 750674 09.02.2023   09.02.2023 Non-Fiction